000 00594nam a2200241Ia 4500
005 20260306145819.0
008 008 260114s9999 xx 000 0 eng d
020 _a9783110755145
037 _aEbook
040 _aCRL
040 _beng
040 _cCRL
041 _2eng
041 _aeng
084 _qCRL
245 0 _aAgent-Oriented Manner Adverbials in German
260 _bdüsseldorf university press
260 _c2024
650 _aLinguistics and Semiotics
856 _uhttps://www.degruyter.com/isbn/9783110755145
942 _cEBOOK
999 _c1691286
_d1691286